50 Movies By 50 Directors Quiz Stats

 Plays Quiz Updated Apr 15, 2013

Challenge
Share
Tweet
Embed
Score 0/50 Timer 10:00
4 Plays Today
% Correct
Steven Spielberg
89.7%
Alfred Hitchcock
88.3%
Quentin Tarantino
87.7%
Stanley Kubrick
84.8%
Clint Eastwood
79.9%
Martin Scorsese
78.1%
Francis Ford Coppola
76.5%
James Cameron
73.9%
Sofia Coppola
73.6%
Ridley Scott
71.4%
Spike Lee
70.5%
Akira Kurosawa
69.3%
Tim Burton
68.8%
David Lynch
67.1%
Terry Gilliam
62.2%
Brian De Palma
60.4%
Charles Chaplin
59%
Sergio Leone
58.9%
Roman Polanski
58.7%
Federico Fellini
56.4%
Paul Thomas Anderson
54.9%
Fritz Lang
54.5%
Spike Jonze
54.4%
Joel and Ethan Coen
54.2%
Michael Mann
53.8%
% Correct
Elia Kazan
51.4%
John Ford
51.2%
Milos Forman
50.8%
Ingmar Bergman
49.8%
Orson Welles
44.3%
Michael Cimino
43.6%
Sidney Lumet
42%
John Huston
41.9%
François Truffaut
38.9%
Billy Wilder
38%
Jean-Luc Godard
36.3%
Luis Buñuel
32.4%
Wim Wenders
30.2%
Carol Reed
29.7%
John Cassavetes
29.3%
Andrei Tarkovsky
23.3%
James Foley
23.3%
Krzysztof Kieślowski
22.5%
Alejandro Jodorowsky
21.7%
Michael Powell and Emeric Pressburger
20.8%
Alain Resnais
20.7%
Yasujirō Ozu
18.5%
Emir Kusturica
15.5%
Michelangelo Antonioni
15.4%
Jean-Pierre Melville
14.5%

You're not logged in!

Compare scores with friends on all Sporcle quizzes.
OR
Log In

You Might Also Like...

Show Comments

Extras

Top Quizzes Today


Score Distribution

Your Account Isn't Verified!

In order to create a playlist on Sporcle, you need to verify the email address you used during registration. Go to your Sporcle Settings to finish the process.

Report this User

Report this user for behavior that violates our Community Guidelines.

Details: